|
|
|
|
| LEADER |
00623nab a2200181 i 4500 |
| 001 |
publ20423 |
| 005 |
20210216083652.0 |
| 008 |
210216s2012 hu o 0|| zxx d |
| 022 |
|
|
|a 2063-2525
|
| 024 |
7 |
|
|a 2161204
|2 mtmt
|
| 040 |
|
|
|a SZTE Publicatio Repozitórium
|b hun
|
| 041 |
|
|
|a zxx
|
| 100 |
1 |
|
|a Varga Norbert
|
| 245 |
1 |
0 |
|a International Legal Sources of Hungarian Citizenship Law in the 19th Century
|h [elektronikus dokumentum] /
|c Varga Norbert
|
| 260 |
|
|
|c 2012
|
| 300 |
|
|
|a 187-203
|
| 490 |
0 |
|
|a FORUM: ACTA JURIDICA ET POLITICA
|v 2 No. 1
|
| 856 |
4 |
0 |
|u http://publicatio.bibl.u-szeged.hu/20423/1/FORVM2012.pdf
|z Dokumentum-elérés
|